|
|
|
|
| LEADER |
00741cam a2200217 7i4500 |
| 001 |
0000009262 |
| 005 |
20191025090000.0 |
| 020 |
|
|
|a 9780071005968
|
| 020 |
|
|
|a 007100596x (pbk.)
|
| 090 |
0 |
0 |
|a TK7874
|b .M55 1987
|
| 100 |
1 |
|
|a Millman, Jacob
|
| 245 |
1 |
0 |
|a Microelectronics
|c Jacob Millman, Arvin Grabel.
|
| 250 |
|
|
|a 2nd ed.
|
| 260 |
|
|
|a New York:
|b McGraw-Hill Book,
|c 1987.
|
| 300 |
|
|
|a xx, 1001 p.:
|b ill.;
|c 24 cm.
|
| 490 |
0 |
|
|a McGraw-Hill series in electrical engineering. Electronics and electronic circuits
|
| 504 |
|
|
|a Includes index
|
| 650 |
0 |
0 |
|a Microelectronics
|
| 700 |
1 |
|
|a Grabel, Arvin
|
| 997 |
|
|
|a Engineering & Life Sciences, Faculty
|b Engineering, Department
|
| 999 |
|
|
|a 0000011126
|b BOK
|c OPEN SHELF
|e 2nd Floor, Bestari Jaya
|